00430cam a2200145u 4500041000800000082001600008100002300024245002400047260005900071300001000130700001600140942000700156952010400163999001700267 aENG a294.52bKRI aKrishnananda Swami00aMandukya Upanishad; aWashington, D.C.,bSelf-realization Fellowshipc[1943] a30 p.0 aPremananda, cBK 00104070aHMIbHMIcGENd2019-10-09l1o294.52 KRIp25618r2020-02-03s2020-01-27w2019-10-09yBK c22739d22739